000 01310nam a2200301Ia 4500
001 ebr10141464
003 CaPaEBR
006 m u
007 cr cn|||||||||
008 920612s1992 quc sb 001 0 eng d
020 _z0773510168
040 _aCaPaEBR
_cCaPaEBR
035 _a(OCoLC)243500663
050 1 4 _aB693.Z7
_bS37 1992eb
100 1 _aSchroeder, Frederic Maxwell,
_d1937-
245 1 0 _aForm and transformation
_h[electronic resource] :
_ba study in the philosophy of Plotinus /
_cFrederic M. Schroeder.
260 _aMontreal :
_aBuffalo :
_bMcGill-Queen's University Press,
_cc1992.
300 _axiv, 125 p.
490 1 _aMcGill-Queen's studies in the history of ideas ;
_v16
504 _aIncludes bibliographical references (p. [115]-120) and indexes.
533 _aElectronic reproduction.
_bPalo Alto, Calif. :
_cebrary,
_d2009.
_nAvailable via World Wide Web.
_nAccess may be limited to ebrary affiliated libraries.
600 0 0 _aPlotinus
_xContributions in metaphysics.
650 0 _aForm (Philosophy)
655 7 _aElectronic books.
_2local
710 2 _aebrary, Inc.
830 0 _aMcGill-Queen's studies in the history of ideas ;
_v16.
856 4 0 _uhttp://site.ebrary.com/lib/rucke/Doc?id=10141464
_zAn electronic book accessible through the World Wide Web; click to view
999 _c83655
_d83655